000 00634nam a22002297a 4500
001 87791
003 UA-OsUOA
005 20211108223808.0
007 ta
008 20120925b un ||||| |||| 00| 0 ukr d
040 _aUA-OsUOA
_brus
_cUA-OsUOA
_dUA-OsUOA
041 _arus
080 _a94(47+57)
090 _a94(47+57)
_bФ18
245 _aФакел 1989
_bисторико-революционный альманах
260 _aМ.
_bИзд. полит. лит.
_c1989
300 _a256 с.
650 7 _a94 Історія
_2UDC
942 _cBK
_2udc
955 _a0
999 _c374094
_d374094